[Event "II Festival il Mare d'Inverno A"]
[Site "Gabicce Mare ITA"]
[Date "2013.01.03"]
[Round "3"]
[White "Rigo, Gianfrancesco"]
[Black "Calavalle, Giulio"]
[WhiteElo "2022"]
[BlackElo "2199"]
[Result "0-1"]
[PlyCount "108"]
[EventDate "2013.01.02"]

1. e4 c5 2. Nc3 d6 3. f4 g6 4. Nf3 Bg7 5. Bc4 Nc6 6. O-O e6 7. d3 Nge7 8. f5
gxf5 9. Ng5 h6 10. Nxf7 Kxf7 11. exf5 Nxf5 12. Rxf5+ Kg8 13. Qh5 Qe7 14. Bd2
Bd7 15. Re1 Ne5 16. Rff1 Nxc4 17. dxc4 Rf8 18. Qg6 Rf6 19. Qg3 Rxf1+ 20. Rxf1
Bc6 21. Ne2 e5 22. Qg6 Be8 23. Qe4 Bc6 24. Qg6 Be8 25. Qe4 Bf6 26. Ng3 Bg5 27.
Nf5 Qe6 28. Qg4 Kh7 29. h4 Bf6 30. Bxh6 Rg8 31. Bg5 e4 32. Qf4 Be5 33. Qd2 Rf8
34. g4 Bg6 35. Qd5 Bxf5 36. gxf5 Qxd5 37. cxd5 Bxb2 38. Be7 Bd4+ 39. Kg2 Rg8+
40. Kh3 Be5 41. Bg5 Re8 42. Re1 Bd4 43. Kg4 b5 44. f6 Kg6 45. h5+ Kf7 46. Kf5
Re5+ 47. Kf4 e3 48. Kg4 e2 49. Bf4 Bc3 50. Bxe5 Bxe1 51. h6 Bd2 52. h7 e1=Q 53.
h8=Q Qe4+ 54. Kh5 Qh1+ 0-1

[Event "II Festival il Mare d'Inverno A"]
[Site "Gabicce Mare ITA"]
[Date "2013.01.03"]
[Round "3"]
[White "Sanguinetti, Edoardo"]
[Black "Pipitone, Antonio"]
[WhiteElo "1986"]
[BlackElo "1920"]
[Result "0-1"]
[PlyCount "64"]
[EventDate "2013.01.02"]

1. e4 c5 2. Nc3 Nc6 3. g3 g6 4. Bg2 Bg7 5. d3 e6 6. f4 a6 7. Nf3 Nge7 8. O-O
O-O 9. Be3 d6 10. Qd2 Rb8 11. d4 cxd4 12. Nxd4 Qc7 13. Nce2 Rd8 14. c3 e5 15.
Nxc6 bxc6 16. Qc2 f5 17. fxe5 dxe5 18. Rad1 Rxd1 19. Rxd1 fxe4 20. Bxe4 Be6 21.
b3 Nd5 22. Bf2 Nf6 23. Bg2 Ng4 24. Bc5 Bf8 25. Bf2 Nxf2 26. Kxf2 Bc5+ 27. Ke1
Rf8 28. Rd2 Be3 29. Qd3 Bxd2+ 30. Qxd2 Qb6 31. Be4 Bg4 32. Bd3 Bxe2 0-1

[Event "II Festival il Mare d'Inverno A"]
[Site "Gabicce Mare ITA"]
[Date "2013.01.03"]
[Round "3"]
[White "Szabo, Bence"]
[Black "Santeramo, Alessia Carmen"]
[WhiteElo "2366"]
[BlackElo "1893"]
[Result "1-0"]
[PlyCount "87"]
[EventDate "2013.01.02"]

1. d4 d5 2. c4 c6 3. Nf3 Nf6 4. Nbd2 e6 5. e3 Be7 6. Bd3 O-O 7. O-O Nbd7 8. b3
a6 9. Bb2 dxc4 10. Nxc4 b5 11. Nce5 Bb7 12. a4 Rc8 13. Qe2 Nd5 14. Rfc1 f6 15.
Nxd7 Qxd7 16. Nd2 f5 17. Qf1 Bf6 18. Be2 Bg5 19. Nf3 Nxe3 20. fxe3 Bxe3+ 21.
Kh1 Bxc1 22. Rxc1 Qd5 23. Nd2 bxa4 24. Rc5 Qd6 25. Nc4 Qe7 26. bxa4 Rfd8 27.
Nb6 Rb8 28. Bc4 a5 29. Bc3 Kh8 30. h3 Qc7 31. Bxa5 Rxd4 32. Bc3 Qd6 33. Bxd4
Qxd4 34. Qg1 Qd6 35. a5 e5 36. Qe3 Qd1+ 37. Kh2 f4 38. Qxe5 Rf8 39. Qe7 Rb8 40.
Rg5 Qd4 41. Nd7 h6 42. Rg4 Rg8 43. Ne5 Kh7 44. Bxg8+ 1-0

[Event "II Festival il Mare d'Inverno A"]
[Site "Gabicce Mare ITA"]
[Date "2013.01.03"]
[Round "3"]
[White "Tazzioli, Luca"]
[Black "Guglielmi, Dante"]
[WhiteElo "1933"]
[BlackElo "1917"]
[Result "1-0"]
[PlyCount "79"]
[EventDate "2013.01.02"]

1. e4 c5 2. Nf3 d6 3. d3 Nf6 4. g3 g6 5. Bg2 Bg7 6. O-O Nc6 7. c3 O-O 8. Re1
Rb8 9. a3 b5 10. b4 cxb4 11. axb4 a5 12. bxa5 Nxa5 13. Bb2 Nd7 14. Nd4 Qb6 15.
Na3 Ba6 16. Nac2 Nc5 17. Nb4 Na4 18. Re2 Rfc8 19. Nd5 Qd8 20. Bh3 e6 21. Nxe6
fxe6 22. Bxe6+ Kh8 23. Bxc8 Bxc8 24. Rc2 Be6 25. Ba3 Bxd5 26. exd5 Nxc3 27. Qe1
Nxd5 28. Bb2 Bxb2 29. Rxb2 b4 30. Qe4 Rb5 31. Re1 Kg7 32. Rbe2 b3 33. Qd4+ Kh6
34. Re4 Nf6 35. Re7 Nc6 36. Qf4+ Rg5 37. h4 Nxe7 38. hxg5+ Kg7 39. gxf6+ Kg8
40. Rxe7 1-0

[Event "II Festival il Mare d'Inverno A"]
[Site "Gabicce Mare ITA"]
[Date "2013.01.03"]
[Round "3"]
[White "Vesce, Emanuele"]
[Black "Dobboletta, Alex"]
[WhiteElo "1891"]
[BlackElo "1976"]
[Result "1-0"]
[PlyCount "31"]
[EventDate "2013.01.02"]

1. e4 c5 2. Nf3 a6 3. c3 d5 4. exd5 Qxd5 5. d4 Nf6 6. Be2 e6 7. O-O Be7 8. Be3
Ng4 9. Bf4 O-O 10. Qd2 Rd8 11. Bc7 Rd7 12. Bxb8 Rxb8 13. Qf4 Rd6 14. Qxg4 e5
15. Qh5 Rh6 16. Qxe5 1-0

[Event "II Festival il Mare d'Inverno A"]
[Site "Gabicce Mare ITA"]
[Date "2013.01.04"]
[Round "4"]
[White "Altini, Daniele"]
[Black "Formento, Paolo"]
[WhiteElo "2283"]
[BlackElo "2184"]
[Result "1-0"]
[PlyCount "53"]
[EventDate "2013.01.02"]

1. d4 Nf6 2. Nf3 g6 3. Nc3 Bg7 4. e4 d6 5. Be3 O-O 6. Qd2 c6 7. Bh6 b5 8. Bxg7
Kxg7 9. Bd3 Qb6 10. e5 dxe5 11. dxe5 Nfd7 12. h4 h6 13. h5 g5 14. O-O-O b4 15.
Ne4 Qa5 16. Nexg5 Nxe5 17. Nxe5 Qxe5 18. Nf3 Qc5 19. Rh4 a5 20. Re1 Qd5 21. Re5
Qxa2 22. Qf4 Qa1+ 23. Kd2 Qxb2 24. Rg5+ Kh8 25. Rg6 Qc3+ 26. Ke2 fxg6 27. Qxf8+
1-0

[Event "II Festival il Mare d'Inverno A"]
[Site "Gabicce Mare ITA"]
[Date "2013.01.04"]
[Round "4"]
[White "Altini, Nicola"]
[Black "Caprio, Guido"]
[WhiteElo "2343"]
[BlackElo "2409"]
[Result "1-0"]
[PlyCount "55"]
[EventDate "2013.01.02"]

1. d4 Nf6 2. Nf3 e6 3. e3 d5 4. Bd3 Nbd7 5. b3 Bb4+ 6. c3 Bd6 7. c4 e5 8. c5
Be7 9. dxe5 Ng4 10. Bb2 Nxc5 11. h3 Nxd3+ 12. Qxd3 Nh6 13. O-O O-O 14. Nc3 c6
15. Rad1 Qa5 16. a3 Bf5 17. Qe2 f6 18. b4 Qb6 19. e4 dxe4 20. Nxe4 fxe5 21.
Qc4+ Kh8 22. Nxe5 Rad8 23. Rxd8 Qxd8 24. Qc3 Bf6 25. Nxf6 Qxf6 26. Qe3 Rg8 27.
g4 Qh4 28. Qxh6 1-0

[Event "II Festival il Mare d'Inverno A"]
[Site "Gabicce Mare ITA"]
[Date "2013.01.04"]
[Round "4"]
[White "Bjerke, Silje"]
[Black "Coronel, Joshua"]
[WhiteElo "2210"]
[BlackElo "1943"]
[Result "1-0"]
[PlyCount "51"]
[EventDate "2013.01.02"]

1. e4 c5 2. Nf3 d6 3. d4 cxd4 4. Nxd4 Nf6 5. Nc3 g6 6. Be3 Bg7 7. f3 O-O 8. Qd2
Nc6 9. O-O-O d5 10. Kb1 Nxd4 11. e5 Nd7 12. Bxd4 Nxe5 13. Qe1 Nc6 14. Bxg7 Kxg7
15. Nxd5 e5 16. Bc4 Re8 17. h4 Nd4 18. Ne3 Qc7 19. h5 Nf5 20. hxg6 hxg6 21. Bd3
Nh6 22. g4 Be6 23. Qd2 Rh8 24. Rh4 Qd7 25. Rdh1 Rac8 26. Rxh6 1-0

[Event "II Festival il Mare d'Inverno A"]
[Site "Gabicce Mare ITA"]
[Date "2013.01.04"]
[Round "4"]
[White "Buratti, Marco"]
[Black "Dionigi, Riccardo"]
[WhiteElo "1991"]
[BlackElo "1910"]
[Result "0-1"]
[PlyCount "140"]
[EventDate "2013.01.02"]

1. e4 e5 2. Nc3 Nf6 3. Bc4 Nc6 4. d3 Na5 5. Qf3 Nxc4 6. dxc4 Be7 7. Nge2 d6 8.
h3 Be6 9. b3 c6 10. Bb2 Qc7 11. O-O-O O-O-O 12. g4 g6 13. Qg2 Kb8 14. Ng3 Bc8
15. Nf1 Nd7 16. h4 Nc5 17. Ne3 Ne6 18. f3 h5 19. g5 Bf8 20. Ne2 Bg7 21. Qh2
Rhe8 22. Rd2 b6 23. Rhd1 Bb7 24. a4 Rf8 25. Qg1 Rd7 26. b4 Rfd8 27. Rd3 a5 28.
Qe1 axb4 29. Qxb4 Nc5 30. Ra3 Na6 31. Qd2 Bf8 32. a5 bxa5 33. Qxa5 Qxa5 34.
Rxa5 Nc5 35. Nc3 Ne6 36. Ne2 Be7 37. Ra3 Kc8 38. Rad3 Nc5 39. R3d2 f6 40. Rg1
fxg5 41. hxg5 Rf8 42. Rg3 Ne6 43. Rd3 Bxg5 44. Kd1 h4 45. Rh3 Nc5 46. Ra3 Rdf7
47. Ng2 Be7 48. Ke1 g5 49. Ng1 Kc7 50. Ne3 Bc8 51. Rh2 Kb8 52. Bc1 Bd8 53. Ke2
Ne6 54. c3 Nf4+ 55. Kf1 g4 56. Rb2+ Rb7 57. Rxb7+ Kxb7 58. Ra2 g3 59. Ng2 Nd3
60. Be3 h3 61. Ra7+ Kb8 62. Rh7 hxg2+ 63. Kxg2 Rg8 64. Ne2 Ne1+ 65. Kf1 Nxf3
66. Ba7+ Ka8 67. Be3 g2+ 68. Kf2 g1=Q+ 69. Nxg1 Nxg1 70. Rh1 Nh3+ 0-1

[Event "II Festival il Mare d'Inverno A"]
[Site "Gabicce Mare ITA"]
[Date "2013.01.04"]
[Round "4"]
[White "Capaliku, Aleks"]
[Black "Vesce, Emanuele"]
[WhiteElo "2137"]
[BlackElo "1891"]
[Result "0-1"]
[PlyCount "80"]
[EventDate "2013.01.02"]

1. e3 e5 2. c4 Nc6 3. Nc3 Nf6 4. d3 d5 5. cxd5 Nxd5 6. Bd2 Be6 7. Nf3 f6 8. a3
Qd7 9. Rc1 g5 10. Nxd5 Bxd5 11. e4 Be6 12. Be3 Nd4 13. Nxd4 exd4 14. Bd2 Bd6
15. Be2 O-O-O 16. h3 h5 17. Rf1 g4 18. h4 f5 19. Bg5 fxe4 20. dxe4 Be7 21. Bf4
Bd6 22. Bxd6 Qxd6 23. Bd3 g3 24. f3 Qf4 25. Qd2 Qxh4 26. Qa5 Qf4 27. Kd1 Bb3+
28. Bc2 Qe3 29. Qd2 Bxc2+ 30. Qxc2 Qf4 31. Re1 d3 32. Qd2 Qf7 33. Rc3 Qa2 34.
Re3 h4 35. Rexd3 Qb1+ 36. Ke2 Rxd3 37. Rxd3 Qg1 38. Qe3 Qxg2+ 39. Kd1 Qf1+ 40.
Kd2 Kb8 0-1

[Event "II Festival il Mare d'Inverno A"]
[Site "Gabicce Mare ITA"]
[Date "2013.01.04"]
[Round "4"]
[White "Cavatorta, Fosco"]
[Black "Sanguinetti, Edoardo"]
[WhiteElo "1930"]
[BlackElo "1986"]
[Result "0-1"]
[PlyCount "128"]
[EventDate "2013.01.02"]

1. d4 f5 2. Bf4 Nf6 3. e3 g6 4. h4 Bg7 5. h5 Nd5 6. Be5 Kf7 7. Bc4 e6 8. Bxd5
exd5 9. Qf3 c6 10. Qg3 Bxe5 11. Qxe5 d6 12. hxg6+ Kxg6 13. Qg3+ Kf7 14. Nf3 h6
15. Nbd2 Qf6 16. O-O-O Na6 17. Rh4 Bd7 18. Rdh1 Rag8 19. Qh2 Rg6 20. Ne1 c5 21.
c3 Bb5 22. g3 cxd4 23. exd4 Nc7 24. Ng2 Ne6 25. Nf4 Nxf4 26. Rxf4 Ke7 27. Qg2
Qf7 28. Qf3 Bd7 29. Rhh4 Qe6 30. Rh1 Kd8 31. Rfh4 Kc7 32. Qf4 a6 33. Qf3 Rf6
34. Qd1 Qf7 35. Nf3 f4 36. g4 Qg7 37. g5 Rg6 38. Qg1 Bf5 39. Qh2 Be4 40. Rxf4
hxg5 41. Qxh8 Qxh8 42. Rxh8 gxf4 43. Ne1 Rg1 44. Kd2 Rf1 45. Ke2 Rg1 46. Rf8
f3+ 47. Nxf3 Bxf3+ 48. Kxf3 Rb1 49. Kg4 Rxb2 50. f4 Rxa2 51. Rf7+ Kc6 52. Re7
Rf2 53. f5 a5 54. Kg5 a4 55. Re1 a3 56. f6 a2 57. Kg6 Kb5 58. f7 Kc4 59. Kg7
Kxc3 60. f8=Q Rxf8 61. Kxf8 b5 62. Ke7 b4 63. Kxd6 b3 64. Kxd5 b2 0-1

[Event "II Festival il Mare d'Inverno A"]
[Site "Gabicce Mare ITA"]
[Date "2013.01.04"]
[Round "4"]
[White "Dobboletta, Alex"]
[Black "Ferraguti, Francesco"]
[WhiteElo "1976"]
[BlackElo "1925"]
[Result "1/2-1/2"]
[PlyCount "52"]
[EventDate "2013.01.02"]

1. e4 e5 2. Nf3 Nf6 3. Nxe5 d6 4. Nf3 Nxe4 5. Nc3 Nxc3 6. dxc3 Be7 7. Be3 Nc6
8. Qd2 Be6 9. Ng5 Bxg5 10. Bxg5 f6 11. Be3 Qd7 12. O-O-O O-O-O 13. b3 Rhe8 14.
f3 Kb8 15. Bb5 a6 16. Bd3 g6 17. Rhe1 Ne5 18. Be4 f5 19. Bd5 Bxd5 20. Qxd5 Qc6
21. Qxc6 Nxc6 22. Bg5 Rxe1 23. Rxe1 Rf8 24. Bh6 Rd8 25. Kd2 Kc8 26. Re2 Kd7
1/2-1/2

[Event "II Festival il Mare d'Inverno A"]
[Site "Gabicce Mare ITA"]
[Date "2013.01.04"]
[Round "4"]
[White "Drazic, Sinisa"]
[Black "Ruck, Robert"]
[WhiteElo "2471"]
[BlackElo "2571"]
[Result "1/2-1/2"]
[PlyCount "91"]
[EventDate "2013.01.02"]

1. Nf3 Nf6 2. c4 c5 3. b3 g6 4. Bb2 Bg7 5. e3 O-O 6. Be2 Nc6 7. O-O b6 8. d4
cxd4 9. Nxd4 Bb7 10. Bf3 Rb8 11. Nd2 Nxd4 12. Bxd4 Qc7 13. Rc1 d6 14. Qc2 Rfc8
15. Qb1 Bxf3 16. Nxf3 Qb7 17. h3 Rc7 18. Rfd1 Rbc8 19. a4 a6 20. Qa1 Rc6 21.
Bb2 Rc5 22. Bd4 Ne8 23. Ne1 Bf6 24. Qb2 Bg7 25. Qd2 R5c7 26. Bb2 Bxb2 27. Qxb2
Nf6 28. Nd3 d5 29. Ne5 dxc4 30. Rxc4 b5 31. Rxc7 Qxc7 32. axb5 axb5 33. Qd4 Qc3
34. b4 Qxd4 35. Rxd4 Ne8 36. Rd7 Kf8 37. Rd5 Rc1+ 38. Kh2 Nd6 39. f3 f6 40. Nd3
Rd1 41. e4 Nc4 42. Nf4 Rxd5 43. Nxd5 Kf7 44. Kg3 Ne5 45. Kf2 Nc6 46. h4 1/2-1/2

[Event "II Festival il Mare d'Inverno A"]
[Site "Gabicce Mare ITA"]
[Date "2013.01.04"]
[Round "4"]
[White "Fronzi, Ettore"]
[Black "Tazzioli, Luca"]
[WhiteElo "1925"]
[BlackElo "1933"]
[Result "1-0"]
[PlyCount "91"]
[EventDate "2013.01.02"]

1. d4 d5 2. c4 e6 3. Nc3 Be7 4. Nf3 Nf6 5. Bg5 O-O 6. e3 h6 7. Bh4 Nbd7 8. Qc2
b6 9. cxd5 exd5 10. Be2 Bb7 11. O-O c5 12. dxc5 bxc5 13. Rfd1 Nb6 14. Rd2 a6
15. Rad1 Qc7 16. Bxf6 Bxf6 17. b3 Rac8 18. Ne1 Qe5 19. Na4 Nxa4 20. bxa4 d4 21.
exd4 cxd4 22. Qb3 Bd5 23. Qg3 Qe6 24. Bg4 Qb6 25. Bxc8 Rxc8 26. Nf3 Rc3 27. Qg4
Rc4 28. Qf5 Bb7 29. a5 Qc6 30. Qb1 g6 31. Qb6 Rc5 32. Qxc6 Bxc6 33. Nxd4 Ba4
34. Nb3 Rc7 35. Rd6 Kg7 36. Rxa6 Rc2 37. Rb1 Rxa2 38. g3 Bb5 39. Rb6 Bd3 40.
Rd1 Be4 41. a6 h5 42. Rd7 Bf3 43. Rbb7 Rc2 44. Rxf7+ Kh6 45. Rxf6 Rb2 46. Nc5
1-0

[Event "II Festival il Mare d'Inverno A"]
[Site "Gabicce Mare ITA"]
[Date "2013.01.04"]
[Round "4"]
[White "Lantini, Marco"]
[Black "Szabo, Bence"]
[WhiteElo "2186"]
[BlackElo "2366"]
[Result "0-1"]
[PlyCount "66"]
[EventDate "2013.01.02"]

1. d4 Nf6 2. c4 e6 3. Nf3 b6 4. Nc3 Bb4 5. Qb3 c5 6. Bg5 O-O 7. e3 Bb7 8. Be2
Na6 9. dxc5 Bxc5 10. O-O Be7 11. Qd1 Nc5 12. Qd4 h6 13. Bh4 d6 14. b4 Ncd7 15.
Rac1 a6 16. Rfd1 Qc7 17. e4 Rfd8 18. Nd2 Ne5 19. f3 Nc6 20. Qe3 Nxb4 21. a3 d5
22. Bxf6 gxf6 23. axb4 d4 24. Qxh6 dxc3 25. Rxc3 Bxb4 26. Rb3 Bd6 27. Qxf6
Bxh2+ 28. Kh1 Be5 29. Qh6 Bf4 30. Qh4 Rxd2 31. Rxd2 Bxd2 32. f4 Qxf4 33. Rg3+
Kf8 0-1

[Event "II Festival il Mare d'Inverno A"]
[Site "Gabicce Mare ITA"]
[Date "2013.01.04"]
[Round "4"]
[White "Mondal, Prince"]
[Black "Guglielmi, Dante"]
[WhiteElo "1938"]
[BlackElo "1917"]
[Result "1-0"]
[PlyCount "77"]
[EventDate "2013.01.02"]

1. e4 c5 2. Nf3 d6 3. Nc3 Nf6 4. d4 cxd4 5. Nxd4 a6 6. Be3 e6 7. f3 Nc6 8. Qd2
Be7 9. g4 h6 10. O-O-O d5 11. exd5 Nxd5 12. Nxd5 Qxd5 13. c4 Qa5 14. Nxc6 Qxd2+
15. Rxd2 bxc6 16. Bg2 a5 17. f4 Ra6 18. Rhd1 e5 19. h3 Be6 20. fxe5 Bxc4 21.
Rd7 Bd5 22. Rb7 Ra8 23. Bxd5 cxd5 24. Rxd5 Bg5 25. Kd2 Bxe3+ 26. Kxe3 O-O 27.
Rdd7 Ra6 28. Kf4 Rc6 29. Rd5 Ra8 30. Ke3 Rc1 31. Rdd7 Rf8 32. Kd2 Rc4 33. Ra7
Rc5 34. e6 Rb5 35. b3 a4 36. e7 Re8 37. Rd8 Rb8 38. Rad7 f6 39. Rxb8 1-0

[Event "II Festival il Mare d'Inverno A"]
[Site "Gabicce Mare ITA"]
[Date "2013.01.04"]
[Round "4"]
[White "Moroni, Luca jr"]
[Black "Marsili, Riccardo"]
[WhiteElo "2161"]
[BlackElo "2100"]
[Result "1/2-1/2"]
[PlyCount "73"]
[EventDate "2013.01.02"]

1. Nf3 c5 2. c4 Nc6 3. d4 cxd4 4. Nxd4 g6 5. e4 Nf6 6. Nc3 Nxd4 7. Qxd4 d6 8.
b3 Bg7 9. Bb2 O-O 10. Be2 Qa5 11. O-O Be6 12. Rac1 Rfc8 13. Qd3 Nd7 14. Qb1 a6
15. Kh1 b5 16. f4 Nb6 17. a3 b4 18. axb4 Qxb4 19. Na2 Qc5 20. Bxg7 Kxg7 21. Nc3
a5 22. Qb2 Kg8 23. Ra1 Qb4 24. Na2 Qc5 25. Nc3 Qb4 26. Rfb1 a4 27. Nxa4 Nxa4
28. bxa4 Qxb2 29. Rxb2 Bxc4 30. g3 Bxe2 31. Rxe2 Ra5 32. e5 d5 33. Rb2 Rc4 34.
Rb5 Raxa4 35. Rxa4 Rxa4 36. Rxd5 Ra2 37. Rd7 1/2-1/2

[Event "II Festival il Mare d'Inverno A"]
[Site "Gabicce Mare ITA"]
[Date "2013.01.04"]
[Round "4"]
[White "Pipitone, Antonio"]
[Black "Bisi, Samuele"]
[WhiteElo "1920"]
[BlackElo "2054"]
[Result "1-0"]
[PlyCount "67"]
[EventDate "2013.01.02"]

1. e4 e5 2. Nf3 Nc6 3. Bb5 a6 4. Ba4 Nf6 5. O-O b5 6. Bb3 d6 7. c3 Be7 8. d4
Bg4 9. Be3 O-O 10. Nbd2 Na5 11. Bc2 c5 12. h3 cxd4 13. cxd4 Bxf3 14. Nxf3 Nc4
15. Bc1 Qc7 16. b3 Nb6 17. Bb2 Nfd7 18. Rc1 Qa7 19. Qd2 Bf6 20. g4 g6 21. Bb1
Qb7 22. Ba3 Be7 23. Qh6 Rfe8 24. d5 Bf8 25. Qe3 Rac8 26. Ng5 Bh6 27. Rxc8 Rxc8
28. f4 exf4 29. Qxf4 f6 30. h4 Rf8 31. Qxd6 fxg5 32. Qe6+ Kh8 33. Bb2+ Nf6 34.
Rxf6 1-0

[Event "II Festival il Mare d'Inverno A"]
[Site "Gabicce Mare ITA"]
[Date "2013.01.04"]
[Round "4"]
[White "Rambaldi, Francesco"]
[Black "Lucchi, Lorenzo"]
[WhiteElo "2310"]
[BlackElo "2101"]
[Result "1-0"]
[PlyCount "85"]
[EventDate "2013.01.02"]

1. d4 d5 2. c4 e6 3. Nc3 c5 4. cxd5 exd5 5. Nf3 Nf6 6. g3 Nc6 7. Bg2 Be7 8. O-O
O-O 9. dxc5 Bxc5 10. Na4 Be7 11. b3 Bg4 12. Bb2 Qc8 13. Rc1 Re8 14. Nc5 Ne4 15.
Nxe4 dxe4 16. Ne5 Bg5 17. Rc2 Rd8 18. Qa1 Rd2 19. Rxd2 Bxd2 20. Nxg4 Qxg4 21.
e3 h5 22. Qd1 Rd8 23. Qxg4 hxg4 24. Bxe4 Bb4 25. Rc1 Rd2 26. Rc2 Rxc2 27. Bxc2
g6 28. Kg2 Bd6 29. h3 gxh3+ 30. Kxh3 b5 31. Kg2 a5 32. f4 Nb4 33. Bb1 Nd5 34.
Kf3 b4 35. Bd3 Nc3 36. a4 f5 37. Bc1 Kf7 38. e4 fxe4+ 39. Bxe4 g5 40. Bd3 Kg7
41. fxg5 Be7 42. Bf4 Bf8 43. Be5+ 1-0

[Event "II Festival il Mare d'Inverno A"]
[Site "Gabicce Mare ITA"]
[Date "2013.01.04"]
[Round "4"]
[White "Rebeggiani, Andrea"]
[Black "Rago, Riccardo"]
[WhiteElo "1912"]
[BlackElo "2061"]
[Result "1/2-1/2"]
[PlyCount "31"]
[EventDate "2013.01.02"]

1. d4 d5 2. Bf4 Nf6 3. e3 e6 4. Nf3 c5 5. c3 Nc6 6. Nbd2 Be7 7. Bd3 cxd4 8.
exd4 O-O 9. Qc2 Bd7 10. g4 Rc8 11. Qb1 g6 12. h3 Ne8 13. h4 f5 14. g5 Ng7 15.
Qd1 Be8 16. Qe2 1/2-1/2

[Event "II Festival il Mare d'Inverno A"]
[Site "Gabicce Mare ITA"]
[Date "2013.01.04"]
[Round "4"]
[White "Rovedi, Mauro"]
[Black "Guzzetti, Luigi Enrico"]
[WhiteElo "2049"]
[BlackElo "1917"]
[Result "1-0"]
[PlyCount "77"]
[EventDate "2013.01.02"]

1. f4 Nf6 2. Nf3 g6 3. g3 Bg7 4. Bg2 d6 5. c3 c5 6. d3 Nc6 7. O-O O-O 8. e4 Qb6
9. Kh1 Bg4 10. Nbd2 Rad8 11. Nc4 Qc7 12. Ne3 Bc8 13. Nh4 b5 14. f5 Ne5 15. Nd5
Nxd5 16. exd5 c4 17. d4 Nd3 18. g4 Rfe8 19. Be4 Bf6 20. g5 Bh8 21. Qf3 e6 22.
dxe6 fxe6 23. f6 Qf7 24. b4 e5 25. Bd5 Be6 26. Bxe6 Rxe6 27. d5 Ree8 28. Qe4
Rf8 29. a4 a6 30. Be3 Nb2 31. axb5 axb5 32. Ra5 Rb8 33. Ng2 h6 34. h4 hxg5 35.
hxg5 Qh7+ 36. Nh4 Rf7 37. Qxg6+ Kf8 38. Rf2 Qxh4+ 39. Rh2 1-0

[Event "II Festival il Mare d'Inverno A"]
[Site "Gabicce Mare ITA"]
[Date "2013.01.04"]
[Round "4"]
[White "Santeramo, Alessia Carmen"]
[Black "Rigo, Gianfrancesco"]
[WhiteElo "1893"]
[BlackElo "2022"]
[Result "1-0"]
[PlyCount "141"]
[EventDate "2013.01.02"]

1. e4 e5 2. Nf3 Nc6 3. Bb5 a6 4. Ba4 Nf6 5. O-O Be7 6. Re1 b5 7. Bb3 d6 8. c3
Bg4 9. h3 Bxf3 10. Qxf3 O-O 11. d3 Na5 12. Bc2 c5 13. Nd2 Nc6 14. Nf1 d5 15.
exd5 Qxd5 16. Qg3 Rfe8 17. Bh6 Bf8 18. Ne3 Qd7 19. Rad1 Nh5 20. Qh4 g6 21. Bxf8
Rxf8 22. Ng4 Qd6 23. Nh6+ Kg7 24. Qxh5 Qf6 25. Ng4 gxh5 26. Nxf6 Kxf6 27. f4
Rfe8 28. Re4 exf4 29. Rxf4+ Kg7 30. Rdf1 Re7 31. Bd1 Rd8 32. Bxh5 Rxd3 33.
Rxf7+ Rxf7 34. Rxf7+ Kg8 35. Rf6 Ne5 36. Rxa6 Rd2 37. b3 Rc2 38. Ra5 Rxc3 39.
Rxb5 Nd3 40. Be2 Rc1+ 41. Kh2 Ne5 42. a4 Rc2 43. Bh5 Nd3 44. Bf3 Nb4 45. a5 Rc3
46. Bb7 Rc2 47. a6 Ra2 48. Rxc5 Nxa6 49. Bxa6 Rxa6 50. Rc2 Rb6 51. Rb2 Rb4 52.
Kg3 Kf7 53. Kf3 Kf6 54. Ke3 Ke5 55. Kd3 Kd5 56. Kc3 Re4 57. b4 Re3+ 58. Kd2 Rg3
59. Ke1 Kc4 60. Kf2 Rg5 61. b5 Kc3 62. Rb1 Kc2 63. Rb4 Kc3 64. Rh4 Rxb5 65.
Rxh7 Kd4 66. Re7 Rb2+ 67. Kg3 Rb3+ 68. Kh4 Kd5 69. g4 Kd6 70. Re1 Rb5 71. g5
1-0

[Event "II Festival il Mare d'Inverno A"]
[Site "Gabicce Mare ITA"]
[Date "2013.01.04"]
[Round "5"]
[White "Altini, Daniele"]
[Black "Bodiroga, Predrag"]
[WhiteElo "2283"]
[BlackElo "2387"]
[Result "0-1"]
[PlyCount "72"]
[EventDate "2013.01.02"]

1. d4 Nf6 2. Nf3 b6 3. Bf4 Bb7 4. e3 g6 5. c4 Bg7 6. Nc3 d6 7. Bd3 Nh5 8. Bg5
h6 9. Bh4 g5 10. Bg3 Nd7 11. O-O Nxg3 12. hxg3 e6 13. Bc2 Qe7 14. e4 g4 15. Nh2
h5 16. Nb5 Nf8 17. Ba4 c6 18. Nc3 O-O-O 19. Rc1 c5 20. d5 Ng6 21. Re1 Ne5 22.
Ne2 h4 23. b4 Qg5 24. Nf4 Qh6 25. Nxg4 Nxg4 26. Qxg4 hxg3 27. fxg3 Bd4+ 28. Kf1
Rdg8 29. Qf3 e5 30. Nh3 Kd8 31. Ke2 Bc8 32. Kd3 Qg6 33. Kc2 f5 34. Rf1 Qxg3 35.
exf5 Qxg2+ 36. Kd1 Rxh3 0-1

[Event "II Festival il Mare d'Inverno A"]
[Site "Gabicce Mare ITA"]
[Date "2013.01.04"]
[Round "5"]
[White "Brancaleoni, Maurizio"]
[Black "Lucchi, Lorenzo"]
[WhiteElo "2235"]
[BlackElo "2101"]
[Result "1-0"]
[PlyCount "127"]
[EventDate "2013.01.02"]

1. Nf3 d5 2. d4 e6 3. c4 c5 4. cxd5 exd5 5. Nc3 Nf6 6. Bg5 Nc6 7. e3 cxd4 8.
Nxd4 Be7 9. Bb5 Qd6 10. Bf4 Qd7 11. Qa4 a6 12. Bxc6 bxc6 13. Qxc6 Bb7 14. Qxd7+
Nxd7 15. Nf5 Bf8 16. O-O Nc5 17. Bd6 g6 18. Bxf8 Kxf8 19. Nd4 Rc8 20. Rfd1 Kg7
21. Rac1 Ne6 22. Na4 Nxd4 23. exd4 Rhe8 24. Nc5 Ba8 25. Kf1 Bc6 26. Re1 Bb5+
27. Kg1 a5 28. b3 a4 29. bxa4 Bc4 30. a3 Rxe1+ 31. Rxe1 Rb8 32. h4 Rb2 33. Re3
Rd2 34. a5 Rd1+ 35. Kh2 Rxd4 36. a6 Bb5 37. a7 Bc6 38. Re8 Rxh4+ 39. Kg1 Rc4
40. Na6 Ra4 41. a8=Q Bxa8 42. Rxa8 Rxa3 43. Nc7 Rxa8 44. Nxa8 Kf6 45. Kf1 Ke5
46. Ke2 h5 47. Nb6 h4 48. Ke3 g5 49. Nd7+ Kd6 50. Nf6 Ke6 51. Ng4 f5 52. Nh2
f4+ 53. Kd4 Kf5 54. f3 Ke6 55. Kc5 Ke5 56. Ng4+ Ke6 57. Kd4 Kd6 58. Nf6 Ke6 59.
Ng4 Kd6 60. Kc3 Kc5 61. Ne5 d4+ 62. Kd3 Kd5 63. Ng4 Kc5 64. Nf6 1-0

[Event "II Festival il Mare d'Inverno A"]
[Site "Gabicce Mare ITA"]
[Date "2013.01.04"]
[Round "5"]
[White "Calavalle, Giulio"]
[Black "Rebeggiani, Andrea"]
[WhiteElo "2199"]
[BlackElo "1912"]
[Result "1-0"]
[PlyCount "67"]
[EventDate "2013.01.02"]

1. e4 e5 2. Nf3 Nc6 3. Bc4 Bc5 4. O-O Nf6 5. d4 Bxd4 6. Nxd4 Nxd4 7. f4 d6 8.
fxe5 dxe5 9. Bg5 Qe7 10. c3 Be6 11. Bd3 Nc6 12. b4 O-O-O 13. Qf3 Rd6 14. Bb5
Rhd8 15. Na3 Nb8 16. Be2 c6 17. h3 Nbd7 18. Be3 b6 19. c4 Nf8 20. c5 Rd4 21.
Bxd4 Rxd4 22. cxb6 axb6 23. Rac1 Kb7 24. Qc3 Qd6 25. Nc2 Nxe4 26. Qa3 b5 27.
Nxd4 Qxd4+ 28. Kh2 Ng5 29. Qd3 Qh4 30. Rxc6 Bc4 31. Rxc4 bxc4 32. Qxc4 Qxc4 33.
Bxc4 f6 34. Bd5+ 1-0

[Event "II Festival il Mare d'Inverno A"]
[Site "Gabicce Mare ITA"]
[Date "2013.01.04"]
[Round "5"]
[White "Caprio, Guido"]
[Black "Rambaldi, Francesco"]
[WhiteElo "2409"]
[BlackElo "2310"]
[Result "1-0"]
[PlyCount "67"]
[EventDate "2013.01.02"]

1. Nf3 Nf6 2. c4 c5 3. Nc3 Nc6 4. g3 g6 5. Bg2 Bg7 6. d4 cxd4 7. Nxd4 O-O 8.
O-O Ng4 9. e3 d6 10. h3 Nge5 11. b3 Bd7 12. Bb2 Qa5 13. Kh2 Rac8 14. Rb1 Nxd4
15. exd4 Nc6 16. Ne4 b5 17. d5 Nb4 18. a3 Bxb2 19. axb4 Qa3 20. c5 dxc5 21.
bxc5 Bf5 22. b4 Bg7 23. Rb3 Qa4 24. d6 Rcd8 25. Re1 Bxe4 26. Bxe4 exd6 27. c6
Qa6 28. Bd5 Qb6 29. Qc2 Rde8 30. Rxe8 Rxe8 31. Rf3 Kh8 32. c7 Qa6 33. Qc6 Qc8
34. Qxe8+ 1-0

[Event "II Festival il Mare d'Inverno A"]
[Site "Gabicce Mare ITA"]
[Date "2013.01.04"]
[Round "5"]
[White "Coronel, Joshua"]
[Black "Rigo, Gianfrancesco"]
[WhiteElo "1943"]
[BlackElo "2022"]
[Result "0-1"]
[PlyCount "68"]
[EventDate "2013.01.02"]

1. e4 e5 2. Nf3 Nc6 3. d4 exd4 4. Nxd4 Bc5 5. Nxc6 Qf6 6. Qd2 dxc6 7. Nc3 Be6
8. Qf4 O-O-O 9. Bd3 Ne7 10. Qxf6 gxf6 11. O-O Rhg8 12. Kh1 f5 13. g3 h5 14. f3
Rg7 15. Bf4 f6 16. Rfe1 Bd7 17. Bc4 Ng6 18. Be3 Bxe3 19. Rxe3 f4 20. Ree1 Ne5
21. Be2 fxg3 22. hxg3 Rxg3 23. f4 Rh3+ 24. Kg2 Rg8+ 25. Kf2 Ng4+ 26. Bxg4 Bxg4
27. Ne2 Rf3+ 28. Kg2 h4 29. Rf1 Re3 30. Nc3 Bh3+ 31. Kf2 Rgg3 32. Rfe1 Ref3+
33. Ke2 Rxf4 34. Rg1 Bg4+ 0-1